Cities with the lowest Population Density - Statistics

General Stats
  • This quiz has been taken 31 times
  • The average score is 27 of 50
Answer Stats
Population Density Country City % Correct
1,320,000 625/km² Switzerland Zurich
91%
5,020,000 700/km² United States Atlanta
83%
1,780,000 900/km² United States Cleveland
83%
2,300,000 1,000/km² Australia Brisbane
74%
4,530,000 1,500/km² Australia Melbourne
74%
2,000,000 1,100/km² Australia Perth
74%
4,190,000 1,300/km² United States Phoenix
74%
1,140,000 1,300/km² Australia Adelaide
70%
6,170,000 1,200/km² United States Dallas - Fort Worth
70%
5,760,000 1,200/km² United States Houston
70%
1,980,000 1,500/km² United States Portland
70%
4,480,000 800/km² United States Boston
65%
9,160,000 1,300/km² United States Chicago
65%
1,680,000 800/km² United States Cincinnati
65%
2,560,000 1,500/km² United States Denver
65%
1,580,000 1,300/km² France Lyon
65%
2,770,000 1,000/km² United States Minneapolis - Saint Paul
65%
3,220,000 1,200/km² United States Seattle
65%
1,480,000 1,100/km² United States Columbus
61%
3,670,000 1,100/km² United States Detroit
61%
2,040,000 1,000/km² United States Orlando
61%
1,980,000 1,300/km² United States San Antonio
61%
1,540,000 800/km² United States Charlotte
57%
1,410,000 1,000/km² United States Milwaukee
57%
1,080,000 700/km² United States Nashville
57%
5,570,000 1,100/km² United States Philadelphia
57%
4,890,000 1,400/km² United States Washington, D.C.
57%
1,620,000 1,200/km² United States Austin
52%
1,620,000 900/km² United States Indianapolis
52%
2,290,000 900/km² United States Kansas City
52%
1,100,000 900/km² United States Memphis
52%
2,190,000 900/km² United States Saint Louis
52%
2,620,000 1,100/km² United States Tampa
52%
2,410,000 880/km² Malaysia George Town
48%
1,150,000 800/km² United States Jacksonville
48%
1,890,000 1,500/km² United States Sacramento
48%
1,030,000 800/km² United States Louisville
43%
1,090,000 1,500/km² United States Salt Lake City
43%
1,730,000 700/km² United States Pittsburgh
39%
1,090,000 800/km² United States Raleigh
39%
2,260,000 1,200/km² United States Baltimore
35%
1,120,000 1,050/km² Vietnam Da Nang
35%
1,020,000 1,180/km² Russia Volgograd
35%
1,480,000 1,290/km² Russia Yekaterinburg
35%
1,020,000 800/km² United States Richmond
30%
1,020,000 1,000/km² Saudi Arabia Dammam
26%
1,460,000 1,100/km² United States Virginia Beach - Norfolk
22%
1,040,000 1,300/km² Russia Perm
13%
1,200,000 900/km² United States Providence
13%
2,140,000 1,000/km² United States San Juan
9%
No matching quizzes found
Score Distribution
Percent of People with Each Score
Percentile by Number Answered
Your Score History
You have not taken this quiz